| 000 | 01076nam0a2200313 i 4500 | ||
|---|---|---|---|
| 001 | RU\NLR\bibl\1958233 | ||
| 005 | 20241101023230.0 | ||
| 010 |
_a9785699589678 _93100 |
||
| 021 |
_aRU _b2012-74209 _95492 |
||
| 035 | _a(NLR Aleph) 001947283 | ||
| 090 |
_a3646842 _c3646842 |
||
| 100 | _a20121019d2012 u y0rusy50 ca | ||
| 101 | 1 |
_arus _ceng |
|
| 102 | _aRU | ||
| 105 | _ay ||||||||| | ||
| 200 | 1 |
_aЗеркало смерти, или Венецианская мозаика _fМарина Фьорато _g[пер. с англ. Н. Омельянович] |
|
| 210 |
_aМосква _cЭксмо _d2012 |
||
| 215 |
_a349, [1] с. _d16 |
||
| 225 | 1 | _aКоролевы любви | |
| 320 | _aНа 2-й с. др. кн. авт. | ||
| 517 | 0 | _aВенецианская мозаика | |
| 686 | _aШ6(4Вл)67-446{Лх1299-60} | ||
| 700 | 1 |
_4070 _7ca _8rus _aФьорато _bМ. _gМарина _9195642 _3RU\NLR\AUTH\770195693 |
|
| 801 | 0 |
_aRU _bNLR _c20121019 _gRCR |
|
| 801 | 1 |
_aRU _bNLR _c20121019 |
|
| 942 | _cBOOK | ||
| 980 | _aNBR | ||